000 00866nam 22002533 4500
001 200520
021 _aPT
_b186237/02
090 _a200520
100 _a20260211d u||y0pory50 ba
101 _apor
102 _aPT
200 _aA Imigração em Portugal
_eOs Movimentos Humanos e Culturais em Portugal
_fAlexandra Rosa [et al.]
_gPrefácio de Mamadou Ba e Miguel Centeno Brito ; Ilustração de Nino Garbin
210 _aLisboa
_cSOS Racismo
_d2002
215 _a427, [5] p. : il.
_cBrochado
_d23 cm
606 _911629
_aCiências Sociais
610 _aDemografia. Imigração
675 _a314.742(469)/ROS/IMI
_vPT
_zpor
700 _916331
_aRosa
_bAlexandra
702 _916332
_aBa
_bMamadou
702 _916333
_aBrito
_bMiguel Centeno
702 _916334
_aGarbin
_bNino
801 _aPT
_bBMMN
_gRPC
830 _cCarlos Pinto
_d11-02-2026
_fCarlos Pinto
990 _cLIVROS